000 00684nam a2200289Ia 4500
005 20260324125659.0
008 008 260324s9999 xx 000 0 eng d
020 _a9781351217743
037 _aEBOOK
040 _aCRL
040 _beng
040 _cCRL
041 _2eng
041 _aeng
084 _qCRL
100 _aKaren Collins
_91178904
245 0 _aFrom Pac-Man to Pop Music
245 0 _bInteractive Audio in Games and New Media
260 _bTaylor and Francis
260 _c2008
365 _a
365 _b300
856 _uhttp://www.taylorfrancis.com/books/9781351217743
942 _cEBOOK
999 _c1774395
_d1774395